LEADER 01309nam a22003251i 4500 001 991002036779707536 005 20250522170319.0 008 030925s1959 fr ||||er|||||||1|||fre d 035 $ab12233134-39ule_inst 035 $aARCHE-028075$9ExL 040 $aBibl. Interfacoltà T. Pellegrino$bita$cA.t.i. Arché s.c.r.l. Pandora Sicilia s.r.l.$dSocioculturale Scs 041 0 $afre 082 04$a171.5$223 100 1 $aHelvétius, Claude-Adrien$0416398 245 10$aDe l'esprit /$cHelvétius ; introduction et notes par Guy Besse 260 $aParis :$bEditions sociales,$c1959 300 $a190 p. ;$c17 cm 490 1 $aLes classiques du people 650 4$aSpirito 650 4$aEtica$xUtilitarismo 700 1 $aBesse, Guy 830 4$aLes classiques du people 907 $a.b12233134$b02-04-14$c08-10-03 912 $a991002036779707536 945 $aLE002 Fil. X N 9$g1$i2002000067579$lle002$o-$pE0.00$q-$rl$s-$t0$u0$v0$w0$x0$y.i12616497$z08-10-03 945 $aLE002 Fil. XII M 5$g1$i2002000540133$lle002$o-$pE0.00$q-$rl$s-$t0$u0$v0$w0$x0$y.i10419330$z27-06-02 945 $aLE022 MP 72 F 8$g1$i2022000068529$lle022$o-$pE0.00$q-$rl$s-$t0$u0$v0$w0$x0$y.i1320418x$z17-03-04 996 $aDe l'esprit$936646 997 $aUNISALENTO 998 $ale002$ale022$b08-10-03$cm$da$e-$ffre$gfr$h0$i1